Pays commençant par I - Statistiques

Statistiques générales
  • Ce quiz a été pris 93 fois
  • Le résultat moyen est 7 sur 8
Statistiques - réponses
Réponse % Correct
Inde
92%
Italie
92%
Indonésie
90%
Irlande
86%
Islande
84%
Iran
82%
Irak
81%
Israel
70%
Aucun quiz correspondant
Distribution des résultats
% des personnes avec chaque résultat
Percentile par nombre de réponses
Votre historique - résultats
Vous n’avez pas pris ce quiz